000 00883nam a2200217Ia 4500
003 GCL
008 140319s9999 xx 000 0 ara d
040 _aGCL /
_cGCL
082 0 4 _a953.001
_bع ج
100 1 _aعبدالجليل محمد حسين كامل
245 1 0 _aالجزيرة العربية والنظام العالمى الجديد /
_cعبدالجليل محمد حسين كامل
250 _aالاولى
260 _aالقاهرة :
_bمطابع الدار الهندسية ،
_c2003
300 _a236 ص ؛
_c24 سم
650 0 4 _aالسياسة الدولية
650 0 4 _aالوحدة مع اليمن
650 0 4 _aشبه الجزيرة العربية - تاريخ
650 0 4 _aاليمن الجنوبى - تاريخ - العصر الحديث
650 0 4 _aشبه الجزيرة العربية - العلاقات الخارجية
942 _2ddc
_cBK
999 _c3775
_d3775